The Alchemist (Record no. 12547)
[ view plain ]
| 000 -LEADER | |
|---|---|
| fixed length control field | 00249nam a22000977a 4500 |
| 008 - FIXED-LENGTH DATA ELEMENTS--GENERAL INFORMATION | |
| fixed length control field | 240404b |||||||| |||| 00| 0 eng d |
| 020 ## - INTERNATIONAL STANDARD BOOK NUMBER | |
| International Standard Book Number | 9788172234980 |
| 100 ## - MAIN ENTRY--PERSONAL NAME | |
| Personal name | Coelho Paulo |
| 9 (RLIN) | 7754 |
| 245 ## - TITLE STATEMENT | |
| Title | The Alchemist |
| 260 ## - PUBLICATION, DISTRIBUTION, ETC. (IMPRINT) | |
| Place of publication, distribution, etc. | London |
| Name of publisher, distributor, etc. | Harper Collins |
| Date of publication, distribution, etc. | 2022 |
| Withdrawn status | Lost status | Source of classification or shelving scheme | Damaged status | Koha normalized classification for sorting | Not for loan | Home library | Current library | Shelving location | Date acquired | Total Checkouts | Full call number | Barcode | Date last seen | Date last checked out | Price effective from | Koha item type |
|---|---|---|---|---|---|---|---|---|---|---|---|---|---|---|---|---|
| Dewey Decimal Classification | COE_823_000000000000000 | Good Samaritan School Library | Good Samaritan School Library | FICTION | 04/04/2024 | 6 | COE823 | COE17730 | 08/13/2025 | 08/13/2025 | 04/04/2024 | BOOK | ||||
| Dewey Decimal Classification | COE_823_000000000000000 | Good Samaritan School Library | Good Samaritan School Library | FICTION | 04/04/2024 | 2 | COE823 | COE17731 | 08/29/2024 | 08/22/2024 | 04/04/2024 | BOOK |